000
00320nam a22001337a 4500
020
_a
978-93-82776-01-7
082
_a
'894.812
_b
NAL/A
100
_a
SUDHAKARAN NAALANCHIRA
245
_a
ABHINAVA GANITHA PRASHNOTHARI
260
_a
THRICHUR
_b
H & C BOOKS
_c
2013
300
_a
80
650
_a
EAY MATHS
_z
KERALA
942
_c
BK
999
_c
1022
_d
1022